00813nas a2200229Ia 4500001001100000003000900011008004100020040001300061040001300074041001300087100004600100210001700146222001700163245007700180250001100257260003900268501008600307300001700393362003800410500009900448650003600547R010/67308IT-RoPAU151124c99999999xx |||||||||||| ||und|| aIT-RoPAU cIT-RoPAU aITALIANO aGrieco GiuseppegCodice Aut. SPICS: 35050 aCINEMA NUOVO aCinema Nuovo aCINEMA NUOVO, ANNO 02-N.004 (1 FEBBRAIO 1953)bVetrina E Lo Schermo (La) a1a ed. aVICENZAbSCUOLA DI ARZIGNANOc1953 bPaulus - SPICS - Società San Paolo EM (non-commercial uses only)cCopyright2015 a2 p. [87-88] aANNO 002, N.004 (1 FEBBRAIO 1953) aIl Mulino del Po: Libro di Riccardo Bacchelli e Film di Alberto Lattuada. Rapporto Libro Film. aCINEMAvPUBBLICAZIONE PERIODICA